Strafrechtsentwicklung in Europa
Zapisane w:
| Główni autorzy: | , |
|---|---|
| Format: | Książka |
| Język: | niemiecki |
| Wydane: |
Friburgo de Brisgovia
Max Planck
1999
|
| Seria: | Beiträge und Materialien aus dem Max-Planck-Institut für ausländisches und Internationles Strafrecht, 62-2
|
| Hasła przedmiotowe: | |
| Etykiety: |
Dodaj etykietę
Nie ma etykietki, Dołącz pierwszą etykiete!
|
MARC
| LEADER | 00000nam a2200000 a 4500 | ||
|---|---|---|---|
| 001 | UCO8395 | ||
| 003 | CL-VaPUC | ||
| 008 | 001201e19990000GW |||||||||||||||||ger|d | ||
| 020 | |a 3861139642t.5 v.2 | ||
| 082 | 0 | 4 | |a 345 |b ESE |2 21 |
| 100 | 0 | |a Eser, Albin |e author |9 453316 | |
| 700 | 0 | |a Huber, Bárbara |e author |9 453317 | |
| 245 | 1 | 0 | |a Strafrechtsentwicklung in Europa |
| 246 | 1 | 0 | |a Landesberichte 1993-1996 über Gesetzgebung, Rechtsprechung und Literatur |
| 300 | |a v | ||
| 942 | |c BK | ||
| 945 | |d 20001201 00:00:00 |a vberengu | ||
| 260 | |a Friburgo de Brisgovia |b Max Planck |c 1999 | ||
| 650 | 7 | |a DERECHO PENAL |2 CL-VaPUC |9 11 | |
| 650 | 7 | |a DERECHO PENAL EVOLUCION |2 CL-VaPUC |9 453318 | |
| 651 | 0 | |a Europa |9 255156 | |
| 583 | |a last modification |c 20001201 00:00:00 |k Rodrigo Vera | ||
| 490 | 0 | |a Beiträge und Materialien aus dem Max-Planck-Institut für ausländisches und Internationles Strafrecht, 62-2 | |
| 999 | |c 293061 |d 293059 | ||
| 952 | |0 0 |1 0 |4 0 |6 345_000000000000000_ESE_1999 |7 0 |8 A |9 344224 |a BIBDER |b BIBDER |d 2019-11-20 |h t.5 v.2 |i 3587045 |o 345 ESE 1999 |p 3587045 |r 2023-01-25 |w 2019-11-20 |y BK |k DER | ||